| 000 | 00575nam a22001697a 4500 | ||
|---|---|---|---|
| 005 | 20100917135918.0 | ||
| 008 | 100917t xxu||||| |||| 00| 0 eng d | ||
| 080 |
_a34:658.626 _bRAM |
||
| 100 |
_aRamanujam,S _913169 |
||
| 245 | _aBrands, cost, concepts and case studies | ||
| 300 | _aVarious pagination | ||
| 653 | _aBrands-legal aspects | ||
| 942 | _cBK | ||
| 260 |
_aNew Delhi _bTaxmann allied services _c2003 _913170 |
||
| 020 | _a8174964886 | ||
| 952 |
_w2010-09-17 _p00061743 _r2010-09-17 _40 _00 _bUL _10 _o34:658.626 RAM _d2010-09-17 _70 _cGEN _2udc _yBK _aUL |
||
| 999 |
_c68063 _d68062 |
||